[Event "Tournament 14473 - Europe Echecs"]
[Site "Europe Echecs"]
[Date "2020.07.11"]
[Round "7"]
[Time "17:11:00"]
[PlyCount "57"]
[White "RusuCarloman"]
[Black "LemaireVivien"]
[WhiteElo "1357"]
[BlackElo "1471"]
[Mode "WEB"]
[Result "1-0"]

1. e4 c5 2. Nf3 Nc6 3. d4 cxd4 4. Nxd4 g6 5. Nc3 Bg7 6. Be3 Nf6 7. Be2 Qa5 8.
Nb3 Qb4 9. Bc5 Qxc3+ 10. bxc3 Nxe4 11. Bd4 Nxc3 12. Qd3 Nxe2 13. Bxg7 Rg8 14.
Qxe2 Rxg7 15. O-O d6 16. c3 a5 17. Nd4 Ne5 18. Qb5+ Nd7 19. Rfe1 e5 20. Qd5 Kd8
21. Nb5 Ra6 22. Nxd6 f5 23. Nxb7+ Bxb7 24. Qxb7 Rb6 25. Qa8+ Rb8 26. Qxa5+ Rb6
27. Rxe5 Nxe5 28. Qxb6+ Ke7 {LemaireVivien a abandonné} 1-0

[Event "Tournament 14473 - Europe Echecs"]
[Site "Europe Echecs"]
[Date "2020.07.11"]
[Round "7"]
[Time "17:11:00"]
[PlyCount "58"]
[White "MartignoniMarg"]
[Black "AlsruheFelix"]
[WhiteElo "1500"]
[BlackElo "1213"]
[Mode "WEB"]
[Result "1-0"]

1. e4 e6 2. d4 d5 3. exd5 Qxd5 4. Nf3 Qd8 5. Bc4 Nf6 6. Bg5 Be7 7. c3 O-O 8.
Nbd2 b6 9. Qc2 Bb7 10. Bd3 g6 11. h4 Ng4 12. Bh6 Nxh6 13. h5 Nf5 14. hxg6 fxg6
15. O-O-O a5 16. Rh3 Ba6 17. Be4 Ra7 18. Rdh1 Rf7 19. Ne5 Rg7 20. g4 Nh4 21.
Ndf3 Nxf3 22. Nxf3 Kf7 23. Ne5+ Ke8 24. Bxg6+ hxg6 25. Rh8+ Bf8 26. R1h7 Rxh7
27. Qxg6+ Ke7 28. Qxh7+ Kd6 29. Nf7+ {AlsruheFelix a abandonné} 1-0

[Event "Tournament 14473 - Europe Echecs"]
[Site "Europe Echecs"]
[Date "2020.07.11"]
[Round "7"]
[Time "17:11:00"]
[PlyCount "46"]
[White "LemiereCharlot"]
[Black "TaffouraudWill"]
[WhiteElo "1351"]
[BlackElo "1199"]
[Mode "WEB"]
[Result "1-0"]

1. e4 e5 2. Nf3 Nc6 3. d4 Nf6 4. Nc3 d6 5. dxe5 dxe5 6. Qxd8+ Nxd8 7. Be3 Nc6 8.
Bc4 Bb4 9. O-O Bg4 10. Bd3 O-O 11. a3 Ba5 12. b4 Bb6 13. Bxb6 cxb6 14. Rad1 Rad8
15. Rd2 Nd4 16. Nxd4 Rxd4 17. f3 Be6 18. Rfd1 Rfd8 19. Nb5 R8d7 20. Nxd4 Rxd4
21. Bb5 Rc4 22. Rd8+ Ne8 23. Rxe8# {TaffouraudWill est échec et mat} 1-0

[Event "Tournament 14473 - Europe Echecs"]
[Site "Europe Echecs"]
[Date "2020.07.11"]
[Round "8"]
[Time "17:43:03"]
[PlyCount "82"]
[White "KuhnClement"]
[Black "HingouetMatthi"]
[WhiteElo "2150"]
[BlackElo "2228"]
[Mode "WEB"]
[Result "1-0"]

1. e4 c6 2. d4 d5 3. exd5 cxd5 4. Bf4 Nc6 5. c3 g6 6. Nd2 Bg7 7. Ngf3 Nh6 8. Bb5
O-O 9. O-O a6 10. Bxc6 bxc6 11. Nb3 f6 12. Re1 Nf7 13. Nc5 Re8 14. Ne6 Bxe6 15.
Rxe6 Qd7 16. Qe2 Nd6 17. Bxd6 exd6 18. Re1 Kf7 19. Rxe8 Rxe8 20. Qxa6 Re4 21.
Kf1 g5 22. a4 g4 23. Rxe4 dxe4 24. Nd2 d5 25. a5 Bh6 26. Ke2 Qf5 27. Nf1 g3 28.
hxg3 Qg4+ 29. f3 Qe6 30. Kf2 f5 31. Qb7+ Kg6 32. a6 f4 33. g4 Bg5 34. a7 Bh4+
35. Kg1 e3 36. a8=Q e2 37. Qxc6 e1=Q 38. Qg8+ Kf6 39. Qf8+ Kg5 40. Qg7+ Qg6 41.
Qxd5+ {HingouetMatthi a abandonné} 1-0

[Event "Tournament 14473 - Europe Echecs"]
[Site "Europe Echecs"]
[Date "2020.07.11"]
[Round "8"]
[Time "17:43:03"]
[PlyCount "114"]
[White "Razafindratsim"]
[Black "JolyJulien"]
[WhiteElo "2336"]
[BlackElo "2188"]
[Mode "WEB"]
[Result "1-0"]

1. e4 c5 2. Nf3 e6 3. d4 cxd4 4. Nxd4 Nf6 5. Nc3 Nc6 6. Ndb5 Bc5 7. Bf4 O-O 8.
Bc7 Qe7 9. Bd6 Bxd6 10. Qxd6 Qd8 11. O-O-O a6 12. Nd4 Ne7 13. f3 b5 14. a3 Bb7
15. h4 Ne8 16. Qg3 Qc7 17. e5 f5 18. h5 Nd5 19. Nxd5 Bxd5 20. Bd3 Qc5 21. Qf4
Bc4 22. Rhe1 Nc7 23. Ne2 Nd5 24. Qd4 Rac8 25. Qxc5 Rxc5 26. Nd4 Bxd3 27. Rxd3
Rfc8 28. g3 a5 29. Re2 a4 30. Red2 f4 31. gxf4 Nxf4 32. Re3 Nxh5 33. Ne2 R8c7
34. f4 g6 35. Red3 Ng7 36. Rxd7 Rxc2+ 37. Rxc2 Rxd7 38. Rc5 Rb7 39. Nd4 b4 40.
Rc8+ Kf7 41. Nc6 Rb6 42. Nxb4 h5 43. Kd2 h4 44. Ke2 Nh5 45. Kf3 Ng7 46. Rc7+ Kg8
47. Kg4 Nf5 48. Kg5 Rb8 49. Kxg6 h3 50. Rh7 Rf8 51. Rxh3 Ne7+ 52. Kg5 Rf5+ 53.
Kg4 Ng6 54. Nd3 Ne7 55. Rh6 Kf7 56. Nc5 Ng6 57. Nxe6 {JolyJulien a perdu au temps} 1-0

[Event "Tournament 14473 - Europe Echecs"]
[Site "Europe Echecs"]
[Date "2020.07.11"]
[Round "8"]
[Time "17:43:03"]
[PlyCount "84"]
[White "RachidAlexandr"]
[Black "TravadonLoic"]
[WhiteElo "2079"]
[BlackElo "2431"]
[Mode "WEB"]
[Result "1-0"]

1. e4 c5 2. Nf3 e6 3. c3 Nf6 4. e5 Nd5 5. d4 cxd4 6. cxd4 d6 7. Bc4 Nb6 8. Bd3
d5 9. O-O Nc6 10. a3 Be7 11. Nc3 g5 12. Nb5 g4 13. Nd2 a6 14. Nd6+ Bxd6 15. exd6
Qxd6 16. Qxg4 Qf8 17. Qh4 Rg8 18. Nf3 Qg7 19. g3 f6 20. Qxh7 Qxh7 21. Bxh7 Rh8
22. Bc2 e5 23. dxe5 fxe5 24. Nxe5 Nxe5 25. Re1 Nbd7 26. f4 Ke7 27. fxe5 Nc5 28.
b4 Ne6 29. Bb3 d4 30. Bxe6 Kxe6 31. Bb2 b5 32. Bxd4 Bb7 33. Bc5 Kf5 34. e6 Kg4
35. Rad1 Kh3 36. e7 Bf3 37. Rd4 Rag8 38. Kf2 Bg4 39. Rf4 Bd7 40. Rf8 Be8 41. Re4
Kxh2 42. Rxg8 {TravadonLoic a abandonné} 1-0

[Event "Tournament 14473 - Europe Echecs"]
[Site "Europe Echecs"]
[Date "2020.07.11"]
[Round "8"]
[Time "17:43:03"]
[PlyCount "160"]
[White "SayaEthan"]
[Black "TomasiElise"]
[WhiteElo "2199"]
[BlackElo "2030"]
[Mode "WEB"]
[Result "1-0"]

1. e4 c5 2. Nc3 Nc6 3. Bb5 g6 4. Bxc6 dxc6 5. d3 Bg7 6. f4 Nf6 7. Nf3 Nd7 8. f5
gxf5 9. O-O Nf6 10. exf5 Bxf5 11. Qe1 e6 12. Bg5 h6 13. Bh4 Qc7 14. Kh1 Rg8 15.
Nd2 O-O-O 16. Bg3 Qb6 17. Nc4 Qa6 18. Nd6+ Rxd6 19. Bxd6 Nd5 20. Be5 Bxe5 21.
Qxe5 Qb6 22. Ne4 Qc7 23. Qxc7+ Kxc7 24. Nxc5 Ne3 25. Rf2 b6 26. Ne4 Rg7 27. Ng3
Bg6 28. Re1 Nd5 29. a3 Kd6 30. Ne4+ Ke7 31. Nd2 b5 32. Nf3 Kd6 33. Ne5 f6 34.
Nxg6 Rxg6 35. c4 bxc4 36. dxc4 Nb6 37. c5+ Kxc5 38. Rxe6 Nd5 39. b4+ Kb5 40. h3
Rg3 41. Rc2 Rxa3 42. Rcxc6 Nxb4 43. Rcd6 Ra1+ 44. Kh2 a5 45. Rxf6 a4 46. Rxh6 a3
47. Rh5+ Ka4 48. Rd8 a2 49. Ra8+ Kb3 50. Rha5 Rc1 51. Ra4 Rc2 52. Ra3+ Kb2 53.
R3a4 Kb3 54. h4 Rc4 55. g3 Rc2+ 56. Kh3 Rd2 57. h5 Rd5 58. Rxb4+ Kxb4 59. Rxa2
Rxh5+ 60. Kg4 Rh8 61. Rc2 Kb3 62. Rc6 Rg8+ 63. Kf4 Rf8+ 64. Kg5 Rg8+ 65. Rg6 Rd8
66. g4 Rd1 67. Rc6 Rg1 68. Kh5 Rh1+ 69. Kg6 Rg1 70. g5 Kb4 71. Kf6 Kb5 72. Rc2
Rf1+ 73. Kg7 Rd1 74. g6 Rd7+ 75. Kh6 Rd6 76. Kh7 Rd1 77. g7 Rh1+ 78. Kg8 Rg1 79.
Rf2 Kc5 80. Kf7 {TomasiElise a abandonné} 1-0

[Event "Tournament 14473 - Europe Echecs"]
[Site "Europe Echecs"]
[Date "2020.07.11"]
[Round "8"]
[Time "17:43:03"]
[PlyCount "120"]
[White "RobertMathias"]
[Black "EllisAntoine"]
[WhiteElo "2140"]
[BlackElo "2066"]
[Mode "WEB"]
[Result "1-0"]

1. Nf3 Nf6 2. e3 d5 3. c4 e6 4. Nc3 Be7 5. Qc2 O-O 6. d4 Nbd7 7. g4 dxc4 8. Bxc4
b6 9. g5 Nh5 10. Rg1 Bb7 11. Ne5 g6 12. b3 c5 13. Nxd7 Qxd7 14. dxc5 Bxc5 15.
Bb2 Rac8 16. Rd1 Qc7 17. Kd2 a6 18. a4 Bf3 19. Rde1 Bb4 20. Kc1 Qb7 21. e4 b5
22. axb5 axb5 23. Nxb5 Nf4 24. Re3 Bh5 25. Kb1 Rfd8 26. Bc3 Bc5 27. Reg3 Rd7 28.
Be5 Nd5 29. Ba1 Qb8 30. exd5 exd5 31. Qb2 d4 32. Rd3 Qf4 33. Nxd4 Ra7 34. Ne2
Rxa1+ 35. Kxa1 Bxe2 36. Qxe2 Ra8+ 37. Kb1 Bd4 38. Rxd4 Qxd4 39. Qb2 Qe4+ 40. Kc1
Qf4+ 41. Kb1 Qe4+ 42. Kc1 Qf4+ 43. Kd1 Rd8+ 44. Ke1 Qxh2 45. Rf1 Re8+ 46. Be2
Qf4 47. b4 Qxg5 48. b5 Rc8 49. Bd3 Rc1+ 50. Ke2 Qe7+ 51. Kd2 Rxf1 52. Bxf1 Qg5+
53. Ke1 Qe7+ 54. Be2 h5 55. b6 Qb7 56. Qb3 h4 57. Bf3 Qe7+ 58. Kf1 h3 59. b7 Qe5
60. b8=Q+ {EllisAntoine a abandonné} 1-0

[Event "Tournament 14473 - Europe Echecs"]
[Site "Europe Echecs"]
[Date "2020.07.11"]
[Round "8"]
[Time "17:43:03"]
[PlyCount "158"]
[White "RebutPaul"]
[Black "FereyAntonin"]
[WhiteElo "1966"]
[BlackElo "2138"]
[Mode "WEB"]
[Result "1-0"]

1. d4 Nf6 2. Bf4 e6 3. e3 c5 4. c3 Nc6 5. Nd2 d5 6. Ngf3 cxd4 7. exd4 Nh5 8. Be3
Bd6 9. Ne5 Nf6 10. f4 O-O 11. Bd3 Bd7 12. O-O Ne8 13. Qe2 f5 14. Rae1 Nf6 15.
Bf2 Ne4 16. Ndf3 Be8 17. Bh4 Qc7 18. Ng5 Nd8 19. g4 Bg6 20. gxf5 exf5 21. Bxe4
dxe4 22. Qc4+ Qxc4 23. Nxc4 Bc7 24. Ne3 h6 25. Nh3 Ne6 26. Nd5 Bd6 27. Be7 Bxe7
28. Nxe7+ Kf7 29. Nd5 Rad8 30. Ne3 Kf6 31. Kg2 Bh5 32. Kg3 Bf3 33. Ng1 g5 34.
fxg5+ hxg5 35. Nxf3 exf3 36. Rxf3 Nf4 37. h4 Nh5+ 38. Kf2 gxh4 39. Rxf5+ Kg6 40.
Rg1+ Ng3 41. Rxf8 Rxf8+ 42. Kg2 Re8 43. Kf3 Kh5 44. d5 Rf8+ 45. Kg2 Re8 46. Kf2
Rf8+ 47. Ke1 Re8 48. Kd2 Ne4+ 49. Kd3 h3 50. Kd4 Nf2 51. Nf5 h2 52. Rf1 h1=Q 53.
Ng3+ Kg4 54. Nxh1 Re4+ 55. Kc5 Nd3+ 56. Kd6 Nxb2 57. Nf2+ Kf3 58. Nxe4+ Kxe4 59.
Ke6 Nd3 60. Rd1 Nf4+ 61. Ke7 Nxd5+ 62. Kd7 Nxc3 63. Rd2 b5 64. Kc6 a5 65. Kb6 a4
66. Ka5 Ke3 67. Rh2 Kd4 68. Kb4 Nd5+ 69. Kxb5 Nc3+ 70. Kb4 Nd5+ 71. Ka3 Nb6 72.
Rh6 Kc5 73. Rh5+ Kc4 74. Kb2 Nd5 75. Rh4+ Kb5 76. Rd4 Nb6 77. Kc3 Kc5 78. Rh4
Nd5+ 79. Kc2 {FereyAntonin a perdu au temps} 1-0

[Event "Tournament 14473 - Europe Echecs"]
[Site "Europe Echecs"]
[Date "2020.07.11"]
[Round "8"]
[Time "17:43:03"]
[PlyCount "63"]
[White "RobertYoann"]
[Black "DroinAugustin"]
[WhiteElo "2071"]
[BlackElo "2313"]
[Mode "WEB"]
[Result "0-1"]

1. Nf3 d5 2. b3 c5 3. Bb2 f6 4. e3 e5 5. d4 cxd4 6. exd4 e4 7. Nfd2 Nc6 8. Be2
f5 9. O-O Nf6 10. Re1 Be7 11. Nf1 O-O 12. c4 Be6 13. cxd5 Nxd5 14. Bc4 Kh8 15.
Ne3 Bb4 16. Re2 f4 17. Nxd5 Bxd5 18. Bxd5 Qxd5 19. a3 Ba5 20. b4 f3 21. Rd2 Bb6
22. g3 Rae8 23. Nc3 Qg5 24. Bc1 Qh5 25. b5 Nxd4 26. Rb2 Ne2+ 27. Nxe2 Bxf2+ 28.
Kh1 fxe2 29. Qxe2 Qf3+ 30. Qxf3 exf3 31. Bf4 Bd4 {RobertYoann a abandonné} 0-1

[Event "Tournament 14473 - Europe Echecs"]
[Site "Europe Echecs"]
[Date "2020.07.11"]
[Round "8"]
[Time "17:43:03"]
[PlyCount "86"]
[White "DalaudDorian"]
[Black "BriandAmaury"]
[WhiteElo "2242"]
[BlackElo "1929"]
[Mode "WEB"]
[Result "1-0"]

1. c4 e5 2. Nc3 Nf6 3. Nf3 Nc6 4. e4 Be7 5. d4 d6 6. d5 Nb8 7. h3 O-O 8. Be3
Nbd7 9. g4 h6 10. Rg1 Nh7 11. Qd2 Ng5 12. Nxg5 Bxg5 13. Bxg5 hxg5 14. O-O-O f6
15. Rh1 Kf7 16. h4 Rh8 17. h5 a5 18. Qe3 Nc5 19. Rg1 Ke7 20. b3 Na6 21. Kb2 Bd7
22. a3 Qe8 23. Be2 b6 24. Rc1 Nb8 25. Rc2 Qc8 26. Rgc1 Bxg4 27. Bxg4 Qxg4 28.
Nb5 Na6 29. b4 axb4 30. axb4 Nxb4 31. Rc3 Kd7 32. c5 bxc5 33. Rxc5 dxc5 34. Rxc5
Rhc8 35. Rc4 Na6 36. Qc3 Rab8 37. Qb3 Qe2+ 38. Ka3 Qxf2 39. d6 c6 40. Rxc6 Rxc6
41. Qf7+ Kc8 42. Na7+ Kd8 43. Qe7# {BriandAmaury est échec et mat} 1-0

[Event "Tournament 14473 - Europe Echecs"]
[Site "Europe Echecs"]
[Date "2020.07.11"]
[Round "8"]
[Time "17:43:03"]
[PlyCount "106"]
[White "MathieuPhileas"]
[Black "WeismanNathan"]
[WhiteElo "2214"]
[BlackElo "2186"]
[Mode "WEB"]
[Result "1-0"]

1. e4 c5 2. Nf3 e6 3. g3 Nc6 4. Bg2 g6 5. d4 cxd4 6. Nxd4 Bg7 7. Nb5 Nge7 8.
Nd6+ Kf8 9. O-O h6 10. c3 b6 11. Na3 Ba6 12. Re1 Nc8 13. Bf4 Nxd6 14. Bxd6+ Kg8
15. Qa4 Bb7 16. Rad1 Kh7 17. e5 f6 18. exf6 Qxf6 19. f4 Qf7 20. Nc4 Rac8 21. Ba3
Rb8 22. Nd6 Qf6 23. Nxb7 Rxb7 24. Bd6 Rc8 25. Qa6 Rbc7 26. Bxc7 Rxc7 27. Qd3 d5
28. Re2 Ne7 29. Rde1 Rc6 30. Bh3 Nf5 31. Bxf5 gxf5 32. Qb5 Rd6 33. Qe8 d4 34.
Rxe6 Rxe6 35. Qxe6 Qd8 36. Qxf5+ Kg8 37. Qg6 Kf8 38. Qf5+ Kg8 39. Qe6+ Kf8 40.
cxd4 Bxd4+ 41. Kg2 Bxb2 42. Qxh6+ Bg7 43. Qe6 a5 44. Re2 b5 45. f5 b4 46. Rf2
Bf6 47. Rc2 Kg7 48. Qc6 Qd3 49. Qc7+ Kh6 50. Qf4+ Bg5 51. Rc6+ Kh5 52. Qf3+
Qxf3+ 53. Kxf3 {WeismanNathan a abandonné} 1-0

[Event "Tournament 14473 - Europe Echecs"]
[Site "Europe Echecs"]
[Date "2020.07.11"]
[Round "8"]
[Time "17:43:03"]
[PlyCount "70"]
[White "DavidBogdanEma"]
[Black "CavaillesEvan"]
[WhiteElo "2092"]
[BlackElo "2018"]
[Mode "WEB"]
[Result "1-0"]

1. e4 c5 2. Nc3 Nc6 3. Bb5 Nd4 4. Nf3 a6 5. Bd3 g6 6. Nxd4 cxd4 7. Ne2 Bg7 8.
O-O e6 9. b4 Ne7 10. Bb2 Nc6 11. c3 dxc3 12. Bxc3 Bxc3 13. dxc3 O-O 14. Qd2 d5
15. Ng3 d4 16. Rfd1 e5 17. Bc4 dxc3 18. Qxc3 Qe7 19. a3 Nd4 20. f4 Bg4 21. Rd2
exf4 22. Rxd4 fxg3 23. Qxg3 Be6 24. Bd5 Rad8 25. Rad1 Rd7 26. Qc3 Bxd5 27. exd5
Rfd8 28. Re1 Qg5 29. Rde4 Rf8 30. Re8 Qh6 31. Qc8 Rd8 32. Qxd8 Rxe8 33. Qxe8+
Kg7 34. Qe5+ Kg8 35. d6 {CavaillesEvan a abandonné} 1-0

[Event "Tournament 14473 - Europe Echecs"]
[Site "Europe Echecs"]
[Date "2020.07.11"]
[Round "8"]
[Time "17:43:03"]
[PlyCount "108"]
[White "FischerThorang"]
[Black "FrancoisGwlady"]
[WhiteElo "1998"]
[BlackElo "1816"]
[Mode "WEB"]
[Result "1-0"]

1. Nf3 Nf6 2. g3 g6 3. Bg2 Bg7 4. O-O O-O 5. c4 d6 6. Nc3 e5 7. d3 Nc6 8. Bg5 h6
9. Bxf6 Bxf6 10. Nd5 Bg7 11. b4 Be6 12. Rb1 Bxd5 13. cxd5 Ne7 14. Nd2 c6 15.
dxc6 Nxc6 16. b5 Na5 17. Nb3 Nxb3 18. Qxb3 Rb8 19. a4 Qd7 20. a5 Qe6 21. Bd5 Qe7
22. Rfc1 Kh7 23. b6 axb6 24. axb6 Rbc8 25. Rxc8 Rxc8 26. Bxf7 Rf8 27. Bd5 Qf6
28. f3 e4 29. dxe4 Qd4+ 30. e3 Qc5 31. f4 Rb8 32. Kf2 Qa5 33. Qc2 Qc5 34. Qxc5
dxc5 35. Rc1 Bf8 36. Ra1 Bd6 37. Ra7 c4 38. Bxc4 Bc5 39. Bd5 Bxb6 40. Rxb7+ Rxb7
41. Bxb7 Bd8 42. Kf3 Bf6 43. e5 Be7 44. Ke4 Kg7 45. Kd5 Kf7 46. e4 h5 47. h3 Bd8
48. g4 hxg4 49. hxg4 Be7 50. e6+ Kf6 51. g5+ Kg7 52. Kc6 Kf8 53. Kd7 Bb4 54. f5 {FrancoisGwlady a abandonné} 1-0

[Event "Tournament 14473 - Europe Echecs"]
[Site "Europe Echecs"]
[Date "2020.07.11"]
[Round "8"]
[Time "17:43:03"]
[PlyCount "81"]
[White "CombaudonNatha"]
[Black "DenningerGael"]
[WhiteElo "1805"]
[BlackElo "1957"]
[Mode "WEB"]
[Result "0-1"]

1. c4 Nf6 2. Nc3 e6 3. e4 d5 4. e5 Nfd7 5. d4 Bb4 6. cxd5 exd5 7. f4 O-O 8. Nf3
c5 9. Bd3 cxd4 10. Nxd4 Nc6 11. Nf3 h6 12. O-O Bc5+ 13. Kh1 Nb4 14. Bb1 Nb6 15.
a3 Nc6 16. Qd3 g6 17. Qb5 Qe7 18. f5 Bxf5 19. Bxf5 gxf5 20. Bxh6 Rfe8 21. b4 Bd4
22. Nxd4 Nxd4 23. Qd3 Qxe5 24. h3 Re6 25. Bf4 Qg7 26. Rad1 Nc6 27. Rf3 d4 28.
Nb5 Rg6 29. Rd2 Ne5 30. Bxe5 Qxe5 31. Rxf5 Qe1+ 32. Kh2 Re8 33. Nxd4 Re3 34. Qc2
Qg3+ 35. Kg1 Re1+ 36. Rf1 Qe3+ 37. Rdf2 Rxf1+ 38. Kxf1 Qxd4 39. Qb3 Nc4 40. Rf3
Nd2+ {CombaudonNatha a abandonné} 0-1

[Event "Tournament 14473 - Europe Echecs"]
[Site "Europe Echecs"]
[Date "2020.07.11"]
[Round "8"]
[Time "17:43:03"]
[PlyCount "59"]
[White "LarmetNino"]
[Black "LecciaAntoine"]
[WhiteElo "1818"]
[BlackElo "1950"]
[Mode "WEB"]
[Result "1/2-1/2"]

1. e4 e5 2. Nf3 Nc6 3. Bb5 a6 4. Ba4 Nf6 5. O-O b5 6. Bb3 Bb7 7. d3 Be7 8. Re1
O-O 9. a3 h6 10. Nc3 Bc5 11. h3 Re8 12. Nd5 d6 13. Ne3 Bxe3 14. Bxe3 d5 15. exd5
Nxd5 16. Bd2 Nf6 17. Bc3 Qd6 18. d4 e4 19. Ne5 Re7 20. Ng4 Nd5 21. Bxd5 Qxd5 22.
Ne3 Qg5 23. Qg4 Qxg4 24. Nxg4 f5 25. Ne3 g6 26. Nd5 Rf7 27. Rad1 Rd8 28. Nb4
Nxb4 29. Bxb4 Bd5 {Nulle par accord mutuel} 1/2-1/2

[Event "Tournament 14473 - Europe Echecs"]
[Site "Europe Echecs"]
[Date "2020.07.11"]
[Round "8"]
[Time "17:43:03"]
[PlyCount "104"]
[White "DincovMatei"]
[Black "LecciaThomas"]
[WhiteElo "1714"]
[BlackElo "1893"]
[Mode "WEB"]
[Result "1-0"]

1. e4 e6 2. d4 d5 3. Nc3 Nc6 4. e5 f6 5. f4 fxe5 6. fxe5 Qh4+ 7. g3 Qxd4 8. Qxd4
Nxd4 9. Bd3 Bd7 10. Be3 Nc6 11. Nb5 O-O-O 12. Nxa7+ Nxa7 13. Bxa7 d4 14. Be4
Bb4+ 15. Kf2 Bb5 16. Nf3 b6 17. a4 Ba6 18. c3 dxc3 19. bxc3 Bxc3 20. Rac1 Ba5
21. Ng5 Bb7 22. Bxb7+ Kxb7 23. Rhd1 Rd2+ 24. Ke3 Rxd1 25. Rxd1 Nh6 26. Rd7 Nf5+
27. Ke4 Kc6 28. Rf7 Ra8 29. Nxe6 Nxg3+ 30. hxg3 Rxa7 31. Rxg7 Bc3 32. Kf5 h5 33.
Rh7 Be1 34. Nd8+ Kd5 35. Rd7+ Kc4 36. e6 Ra5+ 37. Kf4 Bb4 38. Nc6 Ra8 39. Nxb4
Kxb4 40. e7 Re8 41. Rxc7 Kxa4 42. Kf5 b5 43. Kf6 b4 44. Kf7 Rb8 45. e8=Q+ Rxe8
46. Kxe8 b3 47. Rb7 Ka3 48. Kf7 b2 49. Kg6 Ka2 50. Kxh5 b1=Q 51. Rxb1 Kxb1 52.
g4 {LecciaThomas a abandonné} 1-0

[Event "Tournament 14473 - Europe Echecs"]
[Site "Europe Echecs"]
[Date "2020.07.11"]
[Round "8"]
[Time "17:43:03"]
[PlyCount "115"]
[White "LeforestierEnz"]
[Black "SabianiChjara"]
[WhiteElo "1350"]
[BlackElo "1842"]
[Mode "WEB"]
[Result "0-1"]

1. b3 e5 2. Bb2 Nc6 3. e3 d6 4. Nf3 Nf6 5. Bb5 Bd7 6. Bxc6 Bxc6 7. O-O g6 8. d4
e4 9. Nfd2 Bg7 10. c4 d5 11. cxd5 Bxd5 12. Qe2 O-O 13. Nc3 c6 14. Rac1 Qe7 15.
Nc4 b5 16. Ne5 Nd7 17. Nxd7 Qxd7 18. Ba3 Rfe8 19. Bc5 f5 20. Qd2 a5 21. Ne2 b4
22. Nf4 g5 23. Nh5 Bh8 24. f4 g4 25. Qf2 Re6 26. h3 gxh3 27. gxh3 Rg6+ 28. Kh2
Re8 29. Rg1 Ree6 30. Qh4 Qf7 31. Ba7 a4 32. bxa4 Bxa2 33. Bb8 b3 34. d5 Re8 35.
dxc6 Rxb8 36. c7 Rc8 37. Qd8+ Qf8 38. Rcd1 Rxg1 39. Rxg1+ Kf7 40. Qd5+ Ke7 41.
Ng3 Rxc7 42. Nxf5+ Ke8 43. Rg8 Rc2+ 44. Kg3 Qxg8+ 45. Qxg8+ Kd7 46. Qxh7+ Kc6
47. Qxh8 b2 48. Nd4+ Kb7 49. Nxc2 b1=Q 50. Qg7+ Kb6 51. Qd4+ Kc7 52. Qc5+ Kd7
53. Qd4+ Kc7 54. Qxe4 Bb3 55. Nd4 Qxe4 56. Nxb3 Qxe3+ 57. Kg4 Qxb3 {LeforestierEnz a abandonné} 0-1

[Event "Tournament 14473 - Europe Echecs"]
[Site "Europe Echecs"]
[Date "2020.07.11"]
[Round "8"]
[Time "17:43:03"]
[PlyCount "74"]
[White "BoscGabriel"]
[Black "BuffinJean"]
[WhiteElo "1994"]
[BlackElo "1711"]
[Mode "WEB"]
[Result "1-0"]

1. f4 d5 2. Nf3 c5 3. b3 Nc6 4. Bb2 Nf6 5. e3 b6 6. Bb5 Bb7 7. O-O Qc7 8. Ne5 e6
9. d3 Bd6 10. Nd2 a6 11. Bxc6+ Bxc6 12. Qe2 Nd7 13. Nxc6 Qxc6 14. Bxg7 Rg8 15.
Bb2 O-O-O 16. c4 d4 17. exd4 cxd4 18. Qe4 Qxe4 19. Nxe4 Nc5 20. Nxd6+ Rxd6 21.
Rad1 f6 22. Rfe1 h5 23. Ba3 e5 24. Bxc5 bxc5 25. fxe5 fxe5 26. Rxe5 Rdg6 27.
Rxc5+ Kb7 28. Rd2 h4 29. Rh5 Rg4 30. h3 Rf4 31. Re2 Rg7 32. Rf2 Rxf2 33. Kxf2
Rg3 34. Rxh4 Rxd3 35. Ke2 Rg3 36. Rg4 Re3+ 37. Kd2 {BuffinJean a abandonné} 1-0

[Event "Tournament 14473 - Europe Echecs"]
[Site "Europe Echecs"]
[Date "2020.07.11"]
[Round "8"]
[Time "17:43:03"]
[PlyCount "121"]
[White "GuitouniSoha"]
[Black "DelinValere"]
[WhiteElo "1780"]
[BlackElo "2043"]
[Mode "WEB"]
[Result "0-1"]

1. e4 c5 2. Nf3 d6 3. Bb5+ Nd7 4. O-O a6 5. Bxd7+ Bxd7 6. c3 c4 7. Re1 g6 8. d4
cxd3 9. Qxd3 Bg7 10. Bf4 Nf6 11. Nbd2 O-O 12. Rad1 Qb6 13. Nc4 Qb5 14. Nd4 Qh5
15. Bg3 b5 16. Nb6 Rab8 17. Nxd7 Nxd7 18. Nf3 b4 19. cxb4 Rxb4 20. b3 Nc5 21.
Qd5 Rxe4 22. Qxh5 gxh5 23. Rxe4 Nxe4 24. Re1 Nxg3 25. hxg3 Bf6 26. Nd2 Rc8 27.
Ne4 Kg7 28. Nxf6 Kxf6 29. Re4 Rc5 30. Ra4 a5 31. Kf1 Ke5 32. Ke2 d5 33. Ke3 e6
34. Kd3 f5 35. Ke3 Kf6 36. Kd2 e5 37. Kd3 Rb5 38. Rh4 Kg6 39. Ra4 h6 40. Ke3 e4
41. f3 Kg5 42. Ke2 h4 43. gxh4+ Kxh4 44. Kf2 h5 45. fxe4 fxe4 46. Rd4 Kg4 47.
Ra4 Kf4 48. Rd4 Rc5 49. Ra4 h4 50. Ke2 Kg3 51. b4 axb4 52. Rxb4 Kxg2 53. Rb2 h3
54. Ke3+ Kg3 55. Kd4 Ra5 56. a4 h2 57. Rb3+ Kf4 58. Rb1 Rxa4+ 59. Kxd5 e3 60.
Rh1 Kg3 {GuitouniSoha a abandonné} 0-1

[Event "Tournament 14473 - Europe Echecs"]
[Site "Europe Echecs"]
[Date "2020.07.11"]
[Round "8"]
[Time "17:43:03"]
[PlyCount "68"]
[White "ChabaudMathis"]
[Black "ParalieuMaxime"]
[WhiteElo "1920"]
[BlackElo "1569"]
[Mode "WEB"]
[Result "1-0"]

1. d4 Nf6 2. Bf4 d5 3. e3 e6 4. Nd2 Bd6 5. Bg3 c5 6. c3 Qc7 7. dxc5 Qxc5 8. Ngf3
Nbd7 9. Bd3 b6 10. e4 Bxg3 11. hxg3 Bb7 12. Qe2 dxe4 13. Bxe4 Nxe4 14. Nxe4 Bxe4
15. Qxe4 Qd5 16. Qxd5 exd5 17. O-O-O Nf6 18. Rhe1+ Kf8 19. Rd4 Re8 20. Red1 Ke7
21. Ne5 Rhf8 22. Nc6+ Kd6 23. Nxa7 Re2 24. R1d2 Re1+ 25. Kc2 Ra8 26. Nb5+ Kc6
27. Na3 Rae8 28. f3 b5 29. Kb3 R8e5 30. Nc2 Rg1 31. Nb4+ Kc5 32. Nd3+ Kd6 33.
Nxe5 Kxe5 34. Kb4 {ParalieuMaxime a abandonné} 1-0

[Event "Tournament 14473 - Europe Echecs"]
[Site "Europe Echecs"]
[Date "2020.07.11"]
[Round "8"]
[Time "17:43:03"]
[PlyCount "48"]
[White "courjalpauline"]
[Black "BruneauLilian"]
[WhiteElo "1848"]
[BlackElo "1386"]
[Mode "WEB"]
[Result "1-0"]

1. e4 d5 2. exd5 Qxd5 3. Nc3 Qa5 4. d4 c6 5. Nf3 Bg4 6. Bd2 Qc7 7. Bc4 Nf6 8. h3
Bh5 9. g4 Bg6 10. Ne5 e6 11. h4 Bd6 12. h5 Bxe5 13. hxg6 Bxd4 14. gxf7+ Kxf7 15.
Qf3 Ke7 16. O-O-O Nbd7 17. Rhe1 Ne5 18. Qe2 Rhe8 19. f4 Bxc3 20. Bxc3 Nexg4 21.
Qxe6+ Kf8 22. Bb4+ c5 23. Bxc5+ Qxc5 24. Qf7# {BruneauLilian est échec et mat} 1-0

[Event "Tournament 14473 - Europe Echecs"]
[Site "Europe Echecs"]
[Date "2020.07.11"]
[Round "8"]
[Time "17:43:03"]
[PlyCount "30"]
[White "RobineGuillaum"]
[Black "SoaresDeMeloNa"]
[WhiteElo "1571"]
[BlackElo "1183"]
[Mode "WEB"]
[Result "1-0"]

1. e4 c5 2. Nc3 Nc6 3. f4 d6 4. Nf3 f5 5. Bc4 Nd4 6. d3 Nf6 7. e5 Nd7 8. Ng5 e6
9. Nxe6 Nxe6 10. Bxe6 dxe5 11. Bxf5 exf4 12. Qh5+ g6 13. Bxg6+ hxg6 14. Qxg6+
Ke7 15. Nd5# {SoaresDeMeloNa est échec et mat} 1-0

[Event "Tournament 14473 - Europe Echecs"]
[Site "Europe Echecs"]
[Date "2020.07.11"]
[Round "8"]
[Time "17:43:03"]
[PlyCount "113"]
[White "EricAndrianaFi"]
[Black "KrivcenkoAlexa"]
[WhiteElo "1401"]
[BlackElo "1795"]
[Mode "WEB"]
[Result "0-1"]

1. e4 c5 2. d3 Nc6 3. g3 g6 4. Bg2 Bg7 5. Nf3 d5 6. Nbd2 e6 7. O-O Nge7 8. Re1
d4 9. Nf1 O-O 10. h4 e5 11. N1h2 b5 12. h5 c4 13. Nh4 Be6 14. N2f3 gxh5 15. Ng5
Bg4 16. Bf3 Qd7 17. Kg2 h6 18. Bxg4 hxg4 19. Rh1 hxg5 20. Bxg5 Qe6 21. Qg1 f6
22. Bd2 Kf7 23. f3 Ng6 24. Nf5 gxf3+ 25. Kxf3 Rh8 26. Qg2 Nce7 27. g4 Qd7 28.
Kf2 a5 29. dxc4 bxc4 30. b4 axb4 31. Bxb4 Qa4 32. Nd6+ Ke6 33. Qf3 Qxb4 34. Nf5
Qd2+ 35. Kg3 Qf4+ 36. Qxf4 exf4+ 37. Kf3 Ne5+ 38. Ke2 Nxf5 39. exf5+ Kd5 40. Kd2
c3+ 41. Ke2 Rxh1 42. Rxh1 Rxa2 43. Rc1 Nxg4 44. Kf3 Ne3 45. Kxf4 Rxc2 46. Rg1
Rg2 47. Re1 c2 48. Rc1 Bh6+ 49. Kf3 Rh2 50. Kg3 Rd2 51. Kf3 Rd1 52. Rxd1 cxd1=Q+
53. Kg3 Qg4+ 54. Kf2 Qg2+ 55. Ke1 Nc2+ 56. Kd1 Qd2# {EricAndrianaFi est échec et mat} 0-1

[Event "Tournament 14473 - Europe Echecs"]
[Site "Europe Echecs"]
[Date "2020.07.11"]
[Round "8"]
[Time "17:43:03"]
[PlyCount "34"]
[White "ShvedJakov"]
[Black "BruguierFloria"]
[WhiteElo "1667"]
[BlackElo "1422"]
[Mode "WEB"]
[Result "1-0"]

1. e4 e5 2. Nf3 Nc6 3. Bc4 Bc5 4. c3 Nf6 5. d4 exd4 6. cxd4 Bb4+ 7. Nc3 O-O 8.
O-O Bxc3 9. bxc3 Nxe4 10. d5 Na5 11. Bd3 Nxc3 12. Bxh7+ Kh8 13. Qd3 Qf6 14. Ng5
b6 15. Bg8 g6 16. Qh3+ Kxg8 17. Qh7# {BruguierFloria est échec et mat} 1-0